• 首页
  • 本馆介绍
  • 公告通知
  • 最新文献
  • 馆藏检索
  • 电子资源
  • 读者导购
  • 参考咨询
  • 我的图书馆
  • 登录
  • 详细信息显示
  • 放入我的书架
  • 预约/预借图书
  • 作者相关作品
  • 分类相关作品
  • 丛书相关作品
  • 出版社相关作品

书目信息

  • 表格格式
  • 工作单格式
  • 卡片格式
题名:
从分子到网络
    
 
作者: Byrne , Roberts 著
分册:  
出版信息: 北京   科学出版社  2006
页数: 583页
开本: 29cm
丛书名: Elsevier英文原版名作中文导读系列
单 册:
中图分类: Q421
科图分类:
主题词: 神经元--神经科学--英文 , 神经元 , 神经科学
电子资源:
ISBN: 7-03-016707-4
000 01274oam2 2200325 450
001 1574300339
005 20150117203848.50
010    @a7-03-016707-4@b精装@dCNY98.00(含光盘)
100    @a20060413d2006 em y0chiy0110 ea
101 0  @aeng@gchi
102    @aCN@b110000
105    @aafk z 001yy
200 1  @a从分子到网络@9cong fen zi dao wang luo@e细胞和分子神经科学导论@fJohnH.Byrne, JamesL.Roberts著
210    @a北京@c科学出版社@d2006
215    @a583页@c图,图版(2页)@d29cm@e1光盘
225 2  @aElsevier英文原版名作中文导读系列
307    @a附光盘:ISBN 7-900185-60-7
320    @a有索引
330    @a神经元(神经细胞)是构成神经系统的基石,对神经元各个方面的深入、彻底的理解对于我们从各个层次对神经系统进行分析都是十分必要的。本书论述了神经细胞的形态学、生物化学、生物物理学基础知识。
461  0 @12001 @aElsevier英文原版名作中文导读系列
510 1  @aFrom molecules to networks@ean introduction to cellular and molecular neuroscience@zeng
517 1  @a细胞和分子神经科学导论@9xi bao he fen zi shen jing ke xue dao lun
606 0  @a神经元@x神经科学@j英文
606 0  @a神经元
606 0  @a神经科学
690    @aQ421@v5
701  1 @aByrne@bJohn H.@4著
701  1 @aRoberts@bJames L.@4著
801  0 @aCN@bTSSF@c20150117
905    @aZUCC@dQ421@eJY25
    
    从分子到网络:细胞和分子神经科学导论/JohnH.Byrne, JamesL.Roberts著.-北京:科学出版社,2006
    583页:图,图版(2页);29cm+1光盘.-(Elsevier英文原版名作中文导读系列)
    
    
    ISBN 7-03-016707-4(精装):CNY98.00(含光盘)
    神经元(神经细胞)是构成神经系统的基石,对神经元各个方面的深入、彻底的理解对于我们从各个层次对神经系统进行分析都是十分必要的。本书论述了神经细胞的形态学、生物化学、生物物理学基础知识。
●
相关链接 在E读中查询图书 在五车中查询图书 在当当中查询图书 在豆瓣中查询图书


正题名:从分子到网络     索取号:Q421/JY25         预约/预借

序号 登录号 条形码 馆藏地/架位号 状态 备注
1 7853300   278533008   学院路分馆/ [索取号:Q421/JY25] 在馆    
2 7853301   278533017   学院路分馆/ [索取号:Q421/JY25] 在馆    
唐山师范学院图书馆 欢迎您!
大连网信软件有限公司© 版权所有